Slovo k morálnej výchove prednáška kňaza Jána Maliarika prichystaná pre 6. medzinárodný kongres pre morálnu výchovu v Krakove

Bibliographic Details
Main Author: Maliarik, Ján, 1869-1946 (Author)
Other Authors: Herman, Petr (Illustrator)
Format: Book
Language:Slovak
PhysicalDescription:20 s. 21 cm
Published: Veselí nad Moravou Otmar Doležal 1996
Subjects:

MARC

LEADER 00000nam a2200000 a 4500
001 vtls001280707
003 SK-MaSNL
005 20260301064730.0
008 240226s1996 xr r slo
015 |a SNBZSA1997-00197 
035 |a SNK000232097 
035 |a urn:nbn:sk:snk-am3h7bx 
035 |a 2EC1049C-91C5-4338-B149-95E28DB3141D 
035 |a urn:nbn:sk:snk-am0014ay 
040 |a SNK  |b slo  |c SNK  |e AACR2 
041 0 |a slo 
044 |a xr  |c CZ 
080 |a 37.034(042.3)  |2 1981 
100 1 |a Maliarik, Ján,  |d 1869-1946  |4 aut  |9 92771 
245 1 0 |a Slovo k morálnej výchove  |b prednáška kňaza Jána Maliarika prichystaná pre 6. medzinárodný kongres pre morálnu výchovu v Krakove 
260 |a Veselí nad Moravou  |b Otmar Doležal  |c 1996 
300 |a 20 s.  |c 21 cm 
500 |a Obálka Petr Hradil. Grafická úpr. Petr Herman 
650 0 7 |a morálna výchova  |2 SNKPH  |9 1697 
655 7 |a prednášky  |2 SNKPH  |9 70554 
700 1 |a Hradil, Petr  |4 oth  |9 286902 
700 1 |a Herman, Petr  |4 ill  |9 286903 
958 |a ZS 
958 |a TL 
958 |a CZ 
958 |a BQ 
999 |c 628014  |d 629944 
952 |t P60, <03>, [BOOK], {603}  |a SNK  |b SNK  |y PREZ  |7 0  |p 17A0055293  |o snkSC 92772  |i snkD 312/97  |0 0  |1 0  |4 0  |d 1997-03-19  |f 1  |l 0  |r 2025-09-11 00:00:00  |w 2026-02-23 
952 |t P60, <04>, [BOOK], {604}  |a SNK  |b SNK  |y VYP  |7 0  |p 17A0246974  |o snkSC 92772 D1  |i snkD 552/2000  |0 0  |1 0  |4 0  |d 2000-07-28  |l 0  |r 2005-01-02 00:00:00  |w 2026-02-23